| 000 | 01024nam a22002897a 4500 | ||
|---|---|---|---|
| 999 |
_c21608 _d21608 |
||
| 003 | AR-CdUCM | ||
| 008 | 190312b ||||| |||| 00| 0 spa d | ||
| 020 | _a9789972573774 | ||
| 040 |
_aMUNICIPALIDAD PROVINCIAL DEL CUSCO _cBIBLIOTECA MUNICIPAL DEL CUSCO |
||
| 082 |
_a331.13/Y21 _bY21 |
||
| 245 |
_aEducación superior y empleo en el Perú : _buna brecha persistente / _ceditores, Gustavo Yamada, Pablo Lavado |
||
| 260 |
_aLima : _bUniversidad del Pacífico, _c2017. |
||
| 300 |
_a204 páginas. : _bdiagramas ; _c23 cm. |
||
| 500 | _zIncluye bibliografías | ||
| 650 |
_aSubempleo _95101 |
||
| 650 |
_aMercado de trabajo _98807 |
||
| 650 |
_aEducación superior _945513 |
||
| 650 |
_aProfesionales _922093 |
||
| 650 |
_aEfecto de la educación _945514 |
||
| 650 |
_aTrabajo _94726 |
||
| 650 |
_aPerú _945515 |
||
| 700 |
_aYamada Fukusaki, Gustavo (editor) _945511 |
||
| 700 |
_aLavado Padilla, Pablo (editor) _945516 |
||
| 710 |
_aUniversidad del Pacífico (Lima) _910408 |
||
| 942 |
_2ddc _cLIBROS |
||
| 945 | _aRoel | ||